[Event "Kandidatklassen"]
[Site "Aalborg"]
[Date "2000.??.??"]
[Round "?"]
[White "Baekgaard, Martin"]
[Black "Pedersen, Daniel Vesterbaek"]
[Result "0-1"]
[WhiteElo "2135"]
[BlackElo "2297"]
[PlyCount "85"]
[EventDate "2000.??.??"]
[EventType "swiss"]
[EventRounds "7"]
[EventCountry "DEN"]
[SourceTitle "EXT 2001"]
[Source "ChessBase"]
[SourceDate "2000.11.22"]

1. d4 d5 2. c4 e6 3. Nc3 Nf6 4. Bg5 Be7 5. cxd5 exd5 6. Qc2 O-O 7. e3 Nbd7 8.
Bd3 Re8 9. Nf3 Nf8 10. O-O-O Be6 11. Ne5 c5 12. Bb5 N6d7 13. Bxe7 Rxe7 14. Bxd7
Nxd7 15. Nxd7 Rxd7 16. dxc5 Rc8 17. Qa4 Rxc5 18. Qxa7 b6 19. Qa4 Qc8 20. Rd4
Rdc7 21. Kd2 Rc4 22. Qb5 Qb8 23. Rxc4 dxc4 24. Kc1 Rc5 25. Qb4 h6 26. Rd1 Qxh2
27. Qxb6 Rf5 28. e4 Rf6 29. a4 Qxg2 30. Rd2 Kh7 31. Qd4 h5 32. Kc2 h4 33. f4
Qg4 34. f5 Bc8 35. Qxc4 Bxf5 36. Qe2 Qxe2 37. Rxe2 Bc8 38. Rh2 h3 39. Kd3 Rg6
40. Rxh3+ Bxh3 41. b4 Bd7 42. b5 Rd6+ 43. Ke3 0-1

[Event "Kandidatklassen"]
[Site "Aalborg"]
[Date "2000.??.??"]
[Round "?"]
[White "Baekgaard, Martin"]
[Black "Skytte, Rasmus"]
[Result "0-1"]
[WhiteElo "2135"]
[BlackElo "2346"]
[PlyCount "50"]
[EventDate "2000.??.??"]
[EventType "swiss"]
[EventRounds "7"]
[EventCountry "DEN"]
[SourceTitle "EXT 2001"]
[Source "ChessBase"]
[SourceDate "2000.11.22"]

1. c4 e5 2. g3 c6 3. d4 exd4 4. Qxd4 d5 5. cxd5 cxd5 6. Bg2 Be6 7. Nf3 Nf6 8.
O-O Nc6 9. Qa4 Bc5 10. Nbd2 O-O 11. Nb3 Bb6 12. Rd1 Ne4 13. Nbd4 Bd7 14. Qb3
Nxd4 15. Nxd4 Nxf2 16. Kxf2 Qf6+ 17. Bf4 Bxd4+ 18. e3 Bb6 19. Qxd5 Bg4 20. Re1
Qxb2+ 21. Kg1 Rad8 22. Qg5 Rd2 23. Bxb7 Rxh2 24. Rf1 Rh5 25. Qxh5 Bxh5 0-1

[Event "Kandidatklassen"]
[Site "Aalborg"]
[Date "2000.??.??"]
[Round "?"]
[White "Baekgaard, Martin"]
[Black "Jakobsen, Lars Veno"]
[Result "1-0"]
[WhiteElo "2135"]
[BlackElo "2360"]
[PlyCount "95"]
[EventDate "2000.??.??"]
[EventType "swiss"]
[EventRounds "7"]
[EventCountry "DEN"]
[SourceTitle "EXT 2001"]
[Source "ChessBase"]
[SourceDate "2000.11.22"]

1. c4 e6 2. g3 Nf6 3. Bg2 d5 4. Nf3 Be7 5. O-O O-O 6. b3 c6 7. Bb2 Nbd7 8. d3
Re8 9. Qc2 Bf8 10. e4 a5 11. Nc3 dxe4 12. dxe4 e5 13. h3 Nc5 14. Rfd1 Nfd7 15.
Ne2 Qb6 16. Bc3 f6 17. Rab1 Ne6 18. Qb2 Bc5 19. Be1 Be7 20. Nh4 Ndc5 21. Kh2
Ng5 22. Qc2 Bf8 23. Nc3 Nce6 24. Nf5 g6 25. h4 Nf7 26. Ne3 Nd4 27. Qb2 Nh6 28.
Na4 Qc7 29. Bc3 b5 30. cxb5 cxb5 31. Rxd4 exd4 32. Bxd4 Qf7 33. Nb6 Bb7 34.
Nxa8 Bxa8 35. Nd5 Ng4+ 36. Kg1 f5 37. Rc1 fxe4 38. Nc7 Bh6 39. Nxe8 Bxc1 40.
Qxc1 Qxe8 41. Qf4 h5 42. Qc7 Qf7 43. Qxa5 Qd5 44. Qa7 Bb7 45. Qc5 Qc6 46. Qe7
Qc1+ 47. Bf1 Qh6 48. Qe8+ 1-0

[Event "Kandidatklassen"]
[Site "Aalborg"]
[Date "2000.??.??"]
[Round "?"]
[White "Baekgaard, Martin"]
[Black "Nielsen, Poul Erik"]
[Result "1-0"]
[WhiteElo "2135"]
[BlackElo "2232"]
[PlyCount "81"]
[EventDate "2000.??.??"]
[EventType "swiss"]
[EventRounds "7"]
[EventCountry "DEN"]
[SourceTitle "EXT 2001"]
[Source "ChessBase"]
[SourceDate "2000.11.22"]

1. c4 g6 2. g3 Bg7 3. Bg2 Nf6 4. Nc3 O-O 5. d3 c5 6. Nf3 Nc6 7. O-O h6 8. Bd2
d6 9. a3 e5 10. Ne1 Be6 11. Nd5 Bxd5 12. cxd5 Ne7 13. e4 Nd7 14. Rb1 b5 15. f4
f5 16. Nf3 Kh7 17. Be3 a6 18. Qc1 exf4 19. Bxf4 Qb6 20. Re1 Rae8 21. Kh1 fxe4
22. dxe4 Ng8 23. Bh3 Qc7 24. Kg2 c4 25. Be6 Nc5 26. Qd2 Nxe6 27. dxe6 Rxe6 28.
Rbd1 Qc6 29. Qb4 a5 30. Qxa5 g5 31. Bxg5 Rxe4 32. Bf4 Rxe1 33. Qxe1 Bxb2 34.
Rxd6 Qc5 35. Qb1+ Kh8 36. Qxb2+ c3 37. Qc1 Nf6 38. Be5 Kg8 39. Qxh6 c2 40. Qg6+
Kh8 41. Rxf6 1-0

[Event "Kandidatklassen"]
[Site "Aalborg"]
[Date "2000.??.??"]
[Round "?"]
[White "Borbjerggaard, Lars"]
[Black "Pedersen, Nicolai Vesterbaek"]
[Result "1/2-1/2"]
[WhiteElo "2389"]
[BlackElo "2352"]
[PlyCount "88"]
[EventDate "2000.??.??"]
[EventType "swiss"]
[EventRounds "7"]
[EventCountry "DEN"]
[SourceTitle "EXT 2001"]
[Source "ChessBase"]
[SourceDate "2000.11.22"]

1. d4 Nf6 2. Nf3 e6 3. Bf4 c5 4. e3 Qb6 5. Qc1 Nh5 6. Be5 Nc6 7. c3 d6 8. Bg3
Nxg3 9. hxg3 Bd7 10. Bd3 g6 11. Nbd2 d5 12. Qc2 Bg7 13. g4 e5 14. Nxe5 Nxe5 15.
dxe5 Bxg4 16. Nf3 O-O-O 17. Be2 Bf5 18. Qb3 h6 19. Qxb6 axb6 20. O-O-O g5 21.
c4 Be6 22. cxd5 Rxd5 23. Rxd5 Bxd5 24. a3 Kd7 25. Rd1 Ke6 26. Bb5 Bxf3 27. gxf3
Bxe5 28. Rd7 Rb8 29. b3 h5 30. a4 h4 31. Rd1 Rh8 32. Bd7+ Ke7 33. Bh3 Bd6 34.
Kc2 Rh6 35. Rd5 Rf6 36. Rf5 Rg6 37. Kd3 Bh2 38. Rd5 Rd6 39. Rxd6 Kxd6 40. Ke4
Bg1 41. Kf5 Bxf2 42. Kxg5 Ke5 43. Bc8 f6+ 44. Kg4 Bxe3 1/2-1/2

[Event "Kandidatklassen"]
[Site "Aalborg"]
[Date "2000.??.??"]
[Round "?"]
[White "Borbjerggaard, Lars"]
[Black "Pedersen, Daniel Vesterbaek"]
[Result "1-0"]
[WhiteElo "2389"]
[BlackElo "2297"]
[PlyCount "109"]
[EventDate "2000.??.??"]
[EventType "swiss"]
[EventRounds "7"]
[EventCountry "DEN"]
[SourceTitle "EXT 2001"]
[Source "ChessBase"]
[SourceDate "2000.11.22"]

1. d4 d5 2. Nf3 c6 3. c4 e6 4. e3 Nf6 5. Nc3 Nbd7 6. Qc2 Bd6 7. b3 O-O 8. Be2
e5 9. cxd5 cxd5 10. dxe5 Nxe5 11. O-O Bg4 12. Nxe5 Bxe5 13. Bxg4 Nxg4 14. h3
Rc8 15. Bb2 Nf6 16. Qd3 Ne4 17. Rac1 Qh4 18. Rc2 Nxc3 19. Bxc3 Qe4 20. Qxe4
dxe4 21. Rfc1 Bb8 22. Bb4 Rxc2 23. Rxc2 Rd8 24. g4 h6 25. Rc4 Re8 26. Rd4 b5
27. Kg2 f6 28. Rd7 a6 29. Bd6 Bxd6 30. Rxd6 a5 31. h4 h5 32. gxh5 Kh7 33. Rd5
Rb8 34. Kg3 a4 35. bxa4 bxa4 36. Rd4 a3 37. Ra4 Kh6 38. Rxa3 Kxh5 39. Ra5+ Kh6
40. a4 Rb2 41. Ra8 Ra2 42. a5 f5 43. a6 g6 44. a7 Kg7 45. Kh3 Ra3 46. Kg2 Ra1
47. Kh2 Ra3 48. Kg3 Ra2 49. h5 gxh5 50. Kh4 Ra5 51. Kg5 Kh7 52. Rf8 Rxa7 53.
Kxh5 Rg7 54. Rxf5 Rb7 55. Kg5 1-0

[Event "Kandidatklassen"]
[Site "Aalborg"]
[Date "2000.??.??"]
[Round "?"]
[White "Borbjerggaard, Lars"]
[Black "Lindfeldt, Jan Magnus"]
[Result "1/2-1/2"]
[WhiteElo "2389"]
[BlackElo "2287"]
[PlyCount "120"]
[EventDate "2000.??.??"]
[EventType "swiss"]
[EventRounds "7"]
[EventCountry "DEN"]
[SourceTitle "EXT 2001"]
[Source "ChessBase"]
[SourceDate "2000.11.22"]

1. d4 g6 2. c4 Bg7 3. Nc3 d6 4. e4 Nd7 5. f4 e5 6. fxe5 dxe5 7. d5 Ne7 8. Bg5
f6 9. Bh4 O-O 10. Qd2 Kh8 11. O-O-O Ng8 12. Kb1 Nc5 13. Nf3 Qe8 14. d6 f5 15.
dxc7 Nxe4 16. Nxe4 fxe4 17. Ng5 Bf5 18. Ka1 Bf6 19. Bf2 Qc6 20. Be3 Qxc7 21.
Be2 h6 22. h4 Rad8 23. Qc1 Rxd1 24. Qxd1 Rd8 25. Qg1 Kg7 26. g4 Bd7 27. Nxe4
Be7 28. h5 Bc6 29. Qb1 Bxe4 30. Qxe4 Qc6 31. Qxc6 bxc6 32. hxg6 c5 33. Kb1 e4
34. Rf1 Kxg6 35. Rf5 Nf6 36. Kc2 Rc8 37. b3 Rc6 38. Kd2 Ra6 39. a4 Rc6 40. Ke1
Rb6 41. Bd1 Rc6 42. Rf2 Rd6 43. Rd2 Rxd2 44. Kxd2 Bd6 45. b4 cxb4 46. Bxa7 Nd7
47. a5 Bc5 48. Bxc5 Nxc5 49. Ke3 Kg5 50. Kd4 b3 51. a6 b2 52. Bc2 Nxa6 53. Bxe4
Kxg4 54. Kc3 Kf4 55. Bg6 h5 56. Kxb2 h4 57. Be8 Nb8 58. Bf7 Nd7 59. Be6 Nc5 60.
Bc8 Kg3 1/2-1/2

[Event "Kandidatklassen"]
[Site "Aalborg"]
[Date "2000.??.??"]
[Round "?"]
[White "Brinck Claussen, Bjorn"]
[Black "Skytte, Rasmus"]
[Result "1-0"]
[WhiteElo "2343"]
[BlackElo "2346"]
[PlyCount "75"]
[EventDate "2000.??.??"]
[EventType "swiss"]
[EventRounds "7"]
[EventCountry "DEN"]
[SourceTitle "EXT 2001"]
[Source "ChessBase"]
[SourceDate "2000.11.22"]

1. e4 c5 2. Nf3 Nc6 3. d4 cxd4 4. Nxd4 g6 5. Nc3 Bg7 6. Be3 Nf6 7. Bc4 O-O 8.
Bb3 a5 9. f3 d5 10. exd5 Nb4 11. Nde2 a4 12. Nxa4 Nbxd5 13. Bf2 Qa5+ 14. Qd2
Qxd2+ 15. Kxd2 Bh6+ 16. Ke1 Ne3 17. Bxe3 Bxe3 18. Rd1 b5 19. Nac3 b4 20. Nd5
Nxd5 21. Bxd5 Ra5 22. c3 bxc3 23. Nxc3 Ba6 24. b4 Ra3 25. Bb3 Rb8 26. Nd5 Ba7
27. Nxe7+ Kf8 28. Nc6 Re8+ 29. Kd2 Re2+ 30. Kc3 Bb5 31. Nxa7 Rxa7 32. Rhg1 Rae7
33. Kd4 R7e3 34. Kc5 Bd3 35. Rc1 Ke7 36. Rc3 Re5+ 37. Kd4 Bf5 38. Bc4 1-0

[Event "Kandidatklassen"]
[Site "Aalborg"]
[Date "2000.??.??"]
[Round "?"]
[White "Brinck Claussen, Bjorn"]
[Black "Rasmussen, Allan Stig"]
[Result "1-0"]
[WhiteElo "2343"]
[BlackElo "2164"]
[PlyCount "107"]
[EventDate "2000.??.??"]
[EventType "swiss"]
[EventRounds "7"]
[EventCountry "DEN"]
[SourceTitle "EXT 2001"]
[Source "ChessBase"]
[SourceDate "2000.11.22"]

1. e4 c6 2. d4 d5 3. e5 Bf5 4. Nc3 e6 5. g4 Bg6 6. Nge2 c5 7. h4 cxd4 8. Nxd4
h5 9. f4 hxg4 10. Bb5+ Nd7 11. f5 Rxh4 12. Rf1 Rh5 13. fxg6 Rxe5+ 14. Nce2 Qh4+
15. Kd2 Qh6+ 16. Nf4 Qh2+ 17. Nde2 f6 18. Rh1 Qf2 19. Qg1 Qxg1 20. Rxg1 Nh6 21.
Nd4 Bc5 22. Nfxe6 Rxe6 23. Nxe6 Bxg1 24. Nc7+ Kd8 25. Nxa8 Nf5 26. Bxd7 Kxd7
27. Kd3 g3 28. Bf4 Bf2 29. Ke2 Nd4+ 30. Kf1 Ne6 31. Bd2 Bd4 32. Kg2 Be5 33. Be1
Nf4+ 34. Kxg3 Nxg6+ 35. Kf3 Kc6 36. c3 b6 37. Bf2 Bd6 38. Bd4 Nf4 39. a4 Kb7
40. a5 Ne6 41. axb6 Nxd4+ 42. cxd4 axb6 43. Re1 Kxa8 44. Re6 Bh2 45. Ke3 Kb7
46. Re7+ Kc6 47. Rxg7 Kb5 48. Kd3 Bf4 49. Rg1 Bg5 50. Rf1 Kc6 51. Rf3 Kd6 52.
Kc2 Ke6 53. Rb3 Kf5 54. Kd3 1-0

[Event "Kandidatklassen"]
[Site "Aalborg"]
[Date "2000.??.??"]
[Round "?"]
[White "Brinck Claussen, Bjorn"]
[Black "Pedersen, Nicolai Vesterbaek"]
[Result "1/2-1/2"]
[WhiteElo "2343"]
[BlackElo "2352"]
[PlyCount "67"]
[EventDate "2000.??.??"]
[EventType "swiss"]
[EventRounds "7"]
[EventCountry "DEN"]
[SourceTitle "EXT 2001"]
[Source "ChessBase"]
[SourceDate "2000.11.22"]

1. e4 e5 2. Nf3 Nc6 3. Bb5 Nf6 4. O-O Nxe4 5. d4 Nd6 6. Bxc6 dxc6 7. dxe5 Ne4
8. Qxd8+ Kxd8 9. Ng5 Nxg5 10. Bxg5+ Be7 11. Rd1+ Ke8 12. Bxe7 Kxe7 13. Nd2 Bf5
14. c3 Rad8 15. Nb3 g5 16. f3 Rd5 17. Rxd5 cxd5 18. g3 b6 19. Rd1 Rd8 20. Nd4
Bd7 21. Kf2 c5 22. Nc2 Be6 23. Ke2 f6 24. exf6+ Kxf6 25. a3 h5 26. h4 gxh4 27.
gxh4 Bf7 28. Ke3 d4+ 29. cxd4 Bb3 30. Rd2 Bxc2 31. Rxc2 Rxd4 32. b4 Rxh4 33.
bxc5 bxc5 34. Rxc5 1/2-1/2

[Event "Kandidatklassen"]
[Site "Aalborg"]
[Date "2000.??.??"]
[Round "?"]
[White "Bromann, Thorbjorn"]
[Black "Larsen, Peter"]
[Result "1-0"]
[WhiteElo "2297"]
[BlackElo "2294"]
[PlyCount "65"]
[EventDate "2000.??.??"]
[EventType "swiss"]
[EventRounds "7"]
[EventCountry "DEN"]
[SourceTitle "EXT 2001"]
[Source "ChessBase"]
[SourceDate "2000.11.22"]

1. e4 d5 2. exd5 Nf6 3. d4 Nxd5 4. Nf3 g6 5. Be2 Bg7 6. O-O O-O 7. Re1 Nc6 8.
c3 h6 9. Qb3 Nb6 10. Bf4 Be6 11. Qd1 Bc4 12. Nbd2 Bxe2 13. Qxe2 e6 14. Ne5 Nd5
15. Bg3 Nxe5 16. Bxe5 Bxe5 17. Qxe5 Qd6 18. Qe2 Qf4 19. Ne4 h5 20. Nc5 b6 21.
Nd7 Rfc8 22. Rad1 Nf6 23. Ne5 c5 24. dxc5 Rxc5 25. Nd3 Qa4 26. Nxc5 bxc5 27. b3
Qa5 28. c4 Kg7 29. Qd2 Qa3 30. Qc3 a5 31. Re3 a4 32. Rf3 e5 33. Rxf6 1-0

[Event "Kandidatklassen"]
[Site "Aalborg"]
[Date "2000.??.??"]
[Round "?"]
[White "Bromann, Thorbjorn"]
[Black "Palo, Davor"]
[Result "1/2-1/2"]
[WhiteElo "2297"]
[BlackElo "2163"]
[PlyCount "27"]
[EventDate "2000.??.??"]
[EventType "swiss"]
[EventRounds "7"]
[EventCountry "DEN"]
[SourceTitle "EXT 2001"]
[Source "ChessBase"]
[SourceDate "2000.11.22"]

1. e4 c5 2. b3 Nc6 3. Bb2 e5 4. Bc4 d6 5. Nf3 Be6 6. Bxe6 fxe6 7. c3 Nf6 8. Qe2
Be7 9. d4 exd4 10. cxd4 cxd4 11. Nxd4 Qa5+ 12. Nd2 Nxd4 13. Bxd4 Rc8 14. e5
1/2-1/2

[Event "Kandidatklassen"]
[Site "Aalborg"]
[Date "2000.??.??"]
[Round "?"]
[White "Bromann, Thorbjorn"]
[Black "Brinck Claussen, Bjorn"]
[Result "0-1"]
[WhiteElo "2297"]
[BlackElo "2343"]
[PlyCount "84"]
[EventDate "2000.??.??"]
[EventType "swiss"]
[EventRounds "7"]
[EventCountry "DEN"]
[SourceTitle "EXT 2001"]
[Source "ChessBase"]
[SourceDate "2000.11.22"]

1. e4 e6 2. d4 d5 3. Nc3 Bb4 4. exd5 exd5 5. Bd3 Nc6 6. a3 Bxc3+ 7. bxc3 Nge7
8. Qh5 Be6 9. Rb1 b6 10. Nf3 Qd7 11. Ng5 O-O-O 12. Nxe6 Qxe6+ 13. Qe2 Qxe2+ 14.
Kxe2 Na5 15. Re1 Rde8 16. Kf3 Ng6 17. Ba6+ Kd7 18. Be3 Nh4+ 19. Kg3 Nf5+ 20.
Kf3 Nd6 21. Ke2 Ndc4 22. a4 Re4 23. Kd1 Rhe8 24. Bd2 c6 25. h3 h6 26. g3 Nxd2
27. Kxd2 Nc4+ 28. Bxc4 Rxe1 29. Rxe1 Rxe1 30. Kxe1 dxc4 31. Kd2 a5 32. Kc1 Ke6
33. Kd2 h5 34. Ke3 Kd5 35. f3 b5 36. axb5 cxb5 37. Kd2 g5 38. h4 gxh4 39. gxh4
b4 40. cxb4 axb4 41. c3 bxc3+ 42. Kxc3 f6 0-1

[Event "Kandidatklassen"]
[Site "Aalborg"]
[Date "2000.??.??"]
[Round "?"]
[White "Bromann, Thorbjorn"]
[Black "El Kher, Henrik"]
[Result "1/2-1/2"]
[WhiteElo "2297"]
[BlackElo "2372"]
[PlyCount "35"]
[EventDate "2000.??.??"]
[EventType "swiss"]
[EventRounds "7"]
[EventCountry "DEN"]
[SourceTitle "EXT 2001"]
[Source "ChessBase"]
[SourceDate "2000.11.22"]

1. b3 b6 2. Bb2 Bb7 3. c4 e6 4. e3 Nf6 5. Nf3 Be7 6. Nc3 c5 7. Rc1 O-O 8. Bd3
d5 9. cxd5 exd5 10. Bb1 d4 11. Ne2 Re8 12. O-O Bxf3 13. gxf3 Nc6 14. Ng3 Bd6
15. f4 Ne7 16. exd4 cxd4 17. Bxd4 Ng6 18. f5 1/2-1/2

[Event "Kandidatklassen"]
[Site "Aalborg"]
[Date "2000.??.??"]
[Round "?"]
[White "El Kher, Henrik"]
[Black "Larsen, Peter"]
[Result "1-0"]
[WhiteElo "2372"]
[BlackElo "2294"]
[PlyCount "49"]
[EventDate "2000.??.??"]
[EventType "swiss"]
[EventRounds "7"]
[EventCountry "DEN"]
[SourceTitle "EXT 2001"]
[Source "ChessBase"]
[SourceDate "2000.11.22"]

1. e4 c5 2. b3 e6 3. Bb2 d5 4. exd5 exd5 5. Nf3 Nf6 6. Bb5+ Bd7 7. Qe2+ Be7 8.
Bxf6 gxf6 9. Nc3 a6 10. Bxd7+ Qxd7 11. O-O Nc6 12. Na4 Rg8 13. g3 Qg4 14. Rfe1
O-O-O 15. c4 dxc4 16. bxc4 Bd6 17. Nb6+ Kb8 18. Nd5 Rg6 19. Rab1 Rh6 20. Rb6 f5
21. Reb1 Ne5 22. Rxb7+ Kc8 23. Qxe5 Qxf3 24. Rc7+ Bxc7 25. Qxc7# 1-0

[Event "Kandidatklassen"]
[Site "Aalborg"]
[Date "2000.??.??"]
[Round "?"]
[White "El Kher, Henrik"]
[Black "Lindfeldt, Jan Magnus"]
[Result "1/2-1/2"]
[WhiteElo "2372"]
[BlackElo "2287"]
[PlyCount "86"]
[EventDate "2000.??.??"]
[EventType "swiss"]
[EventRounds "7"]
[EventCountry "DEN"]
[SourceTitle "EXT 2001"]
[Source "ChessBase"]
[SourceDate "2000.11.22"]

1. d4 g6 2. c4 Bg7 3. g3 Nf6 4. Bg2 O-O 5. Nf3 d6 6. O-O Nbd7 7. Nc3 c6 8. e4
e5 9. h3 exd4 10. Nxd4 Re8 11. Be3 Nc5 12. Qc2 a5 13. Rad1 Qe7 14. Rfe1 Ne6 15.
f4 Nxd4 16. Bxd4 Be6 17. b3 Nh5 18. Bxg7 Kxg7 19. Qf2 Kg8 20. g4 Nf6 21. Nd5
Bxd5 22. exd5 Qc7 23. dxc6 Rxe1+ 24. Rxe1 bxc6 25. Qd4 Ne8 26. f5 d5 27. fxg6
hxg6 28. cxd5 cxd5 29. Qxd5 Qb6+ 30. Kh1 Rd8 31. Qc6 Qb8 32. Rf1 Qe5 33. Qc4
Nd6 34. Qd5 Qxd5 35. Bxd5 Kg7 36. Rf2 f5 37. Kg2 Kf6 38. Rc2 Ne4 39. Rc6+ Ke5
40. Bxe4 fxe4 41. Rxg6 Rd2+ 42. Kg3 Rd3+ 43. Kg2 Rd2+ 1/2-1/2

[Event "Kandidatklassen"]
[Site "Aalborg"]
[Date "2000.??.??"]
[Round "?"]
[White "El Kher, Henrik"]
[Black "Baekgaard, Martin"]
[Result "1-0"]
[WhiteElo "2372"]
[BlackElo "2135"]
[PlyCount "109"]
[EventDate "2000.??.??"]
[EventType "swiss"]
[EventRounds "7"]
[EventCountry "DEN"]
[SourceTitle "EXT 2001"]
[Source "ChessBase"]
[SourceDate "2000.11.22"]

1. d3 d5 2. Nf3 Nf6 3. g3 Bf5 4. Bg2 c6 5. O-O Nbd7 6. Nbd2 e5 7. Qe1 Be7 8. e4
dxe4 9. dxe4 Bg6 10. Nh4 O-O 11. Nxg6 hxg6 12. a4 a5 13. Nc4 Bb4 14. Qe2 Re8
15. Bg5 Qc7 16. Rad1 Rad8 17. h4 Be7 18. Bd2 b6 19. Bc3 Rc8 20. Bh3 Bc5 21. Kg2
Rcd8 22. f3 Ra8 23. Ne3 Nf8 24. Rd2 b5 25. axb5 cxb5 26. Nd5 Qc6 27. b3 a4 28.
Rfd1 axb3 29. cxb3 Ra3 30. b4 Rxc3 31. Nxc3 Bxb4 32. Nxb5 Bxd2 33. Rxd2 Ne6 34.
Rd6 Nd4 35. Rxc6 Nxe2 36. Kf2 Rb8 37. Rc5 Nd4 38. Nxd4 exd4 39. Rc8+ Rxc8 40.
Bxc8 d3 41. g4 Kf8 42. Ke3 Ke7 43. Kxd3 Ne8 44. Kd4 Nd6 45. Ba6 f6 46. Bc4 Nc8
47. Bd5 Nb6 48. Bc6 Nc8 49. Kc5 Nd6 50. Bd5 Ne8 51. Kc6 Nd6 52. Kc5 Ne8 53. f4
Nd6 54. e5 Ne8 55. Kb6 1-0

[Event "Kandidatklassen"]
[Site "Aalborg"]
[Date "2000.??.??"]
[Round "?"]
[White "Jakobsen, Lars Veno"]
[Black "Sobjerg, Erik"]
[Result "1-0"]
[WhiteElo "2360"]
[BlackElo "2260"]
[PlyCount "171"]
[EventDate "2000.??.??"]
[EventType "swiss"]
[EventRounds "7"]
[EventCountry "DEN"]
[SourceTitle "EXT 2001"]
[Source "ChessBase"]
[SourceDate "2000.11.22"]

1. c4 Nc6 2. Nc3 e5 3. g3 f5 4. Bg2 Nf6 5. e3 g6 6. d3 Bg7 7. Nge2 O-O 8. O-O
d6 9. Rb1 g5 10. f4 exf4 11. gxf4 g4 12. b4 Qe8 13. Bd2 Ne7 14. Nd5 Nfxd5 15.
cxd5 Bd7 16. Qb3 Ng6 17. b5 Nh4 18. Bh1 Rf7 19. Rf2 Re7 20. d4 Kh8 21. a4 a6
22. bxa6 Rxa6 23. Qxb7 Bc8 24. Qb5 Rxa4 25. Qxe8+ Rxe8 26. Rc1 Ba6 27. Rxc7
Bxe2 28. Rxe2 Bxd4 29. Kf2 Ra7 30. Rxa7 Bxa7 31. Kg3 Ng6 32. h3 h5 33. hxg4
hxg4 34. e4 Bc5 35. Rh2+ Kg8 36. exf5 Nf8 37. Kxg4 Nh7 38. Bc3 Re3 39. Rh3 Rxh3
40. Kxh3 Kf7 41. Bf3 Be3 42. Kg3 Nf6 43. Be1 Bc1 44. Bf2 Bd2 45. Bg1 Kg7 46.
Bh2 Kh6 47. Kf2 Bc1 48. Bg3 Kg7 49. Ke2 Ne8 50. Kd3 Nc7 51. Kc4 Bd2 52. Be4 Kf7
53. Bc2 Kg7 54. Ba4 Kf7 55. Bd7 Kg7 56. Kd3 Bc1 57. Ke4 Na6 58. Be6 Nc5+ 59.
Kf3 Nd3 60. Bd7 Bb2 61. Bc8 Nb4 62. Ke4 Na2 63. Bb7 Nc3+ 64. Kd3 Na4 65. Kc4
Kf6 66. Bf2 Kxf5 67. Kb3 Nc3 68. Bd4 Nxd5 69. Bxb2 Nxf4 70. Kc4 Ke6 71. Bc8+
Ke7 72. Bg4 Ne6 73. Kd5 Nf4+ 74. Ke4 Ne6 75. Ba3 Nc7 76. Bf5 Ne8 77. Kd5 Kf6
78. Bd7 Ke7 79. Bh3 Nf6+ 80. Kc6 Ne8 81. Bb4 Kd8 82. Be1 Ke7 83. Bg3 Kf7 84.
Bh4 Kf8 85. Kd7 Kf7 86. Be6+ 1-0

[Event "Kandidatklassen"]
[Site "Aalborg"]
[Date "2000.??.??"]
[Round "?"]
[White "Jakobsen, Lars Veno"]
[Black "Pedersen, Jan"]
[Result "1/2-1/2"]
[WhiteElo "2360"]
[BlackElo "2346"]
[PlyCount "98"]
[EventDate "2000.??.??"]
[EventType "swiss"]
[EventRounds "7"]
[EventCountry "DEN"]
[SourceTitle "EXT 2001"]
[Source "ChessBase"]
[SourceDate "2000.11.22"]

1. d4 Nf6 2. c4 c5 3. d5 e5 4. Nc3 d6 5. e4 Be7 6. g3 O-O 7. h4 a6 8. a4 Nbd7
9. Bh3 Rb8 10. Be3 Ne8 11. Nge2 Nc7 12. Qd3 Nf6 13. Bxc8 Qxc8 14. f3 b5 15.
axb5 axb5 16. Nxb5 Nxb5 17. cxb5 c4 18. Qc2 Rxb5 19. Ra4 Qb8 20. Bc1 Rb4 21.
O-O Qb6+ 22. Kg2 Rb8 23. Nc3 Nd7 24. Na2 Rxa4 25. Qxa4 Qb5 26. Qxb5 Rxb5 27.
Rf2 Nc5 28. Rc2 Nd3 29. Rxc4 Nxc1 30. Rc8+ Bf8 31. Nxc1 Rxb2+ 32. Kf1 g6 33.
Nd3 Rd2 34. Nb4 Rb2 35. Nc6 Rb7 36. g4 h6 37. h5 gxh5 38. gxh5 Kg7 39. Rd8 Rb2
40. Kg1 Ra2 41. Re8 Rb2 42. Kf1 Ra2 43. Rd8 f5 44. exf5 Rh2 45. f6+ Kf7 46. Nb8
Rxh5 47. Nd7 Be7 48. fxe7 Kxe7 49. Nf6 Kxf6 1/2-1/2

[Event "Kandidatklassen"]
[Site "Aalborg"]
[Date "2000.??.??"]
[Round "?"]
[White "Jakobsen, Lars Veno"]
[Black "Pedersen, Daniel Vesterbaek"]
[Result "1/2-1/2"]
[WhiteElo "2360"]
[BlackElo "2297"]
[PlyCount "105"]
[EventDate "2000.??.??"]
[EventType "swiss"]
[EventRounds "7"]
[EventCountry "DEN"]
[SourceTitle "EXT 2001"]
[Source "ChessBase"]
[SourceDate "2000.11.22"]

1. d4 d5 2. c4 c6 3. Nf3 Nf6 4. Nc3 e6 5. e3 Nbd7 6. Qc2 Bd6 7. Bd3 O-O 8. Bd2
a6 9. O-O dxc4 10. Bxc4 c5 11. Bd3 h6 12. Rfd1 cxd4 13. exd4 b6 14. Ne4 Nxe4
15. Bxe4 Ra7 16. d5 Nf6 17. dxe6 Nxe4 18. Qxe4 Bxe6 19. Bc3 Rd7 20. Re1 Qa8 21.
Qh4 Rfd8 22. Ne5 Be7 23. Qf4 Bg5 24. Qf3 Qxf3 25. Nxf3 Be7 26. Ne5 Rc7 27. Ng6
Bc5 28. Nf4 Bf5 29. Re5 Bc2 30. Rae1 Rcd7 31. R5e2 Bf5 32. h3 a5 33. g4 Bd3 34.
Re8+ Rxe8 35. Rxe8+ Kh7 36. Nh5 Bd4 37. Bxd4 Rxd4 38. Ra8 Rb4 39. Ra7 Bc4 40.
b3 Bd5 41. Rd7 Be6 42. Ra7 a4 43. bxa4 Bxa2 44. a5 b5 45. a6 Ra4 46. Rb7 b4 47.
a7 b3 48. Kh2 Rxa7 49. Rxa7 b2 50. Rb7 b1=Q 51. Rxb1 Bxb1 52. f4 f5 53. Ng3
1/2-1/2

[Event "Kandidatklassen"]
[Site "Aalborg"]
[Date "2000.??.??"]
[Round "?"]
[White "Larsen, Peter"]
[Black "Lund, Silas"]
[Result "1-0"]
[WhiteElo "2294"]
[BlackElo "2250"]
[PlyCount "67"]
[EventDate "2000.??.??"]
[EventType "swiss"]
[EventRounds "7"]
[EventCountry "DEN"]
[SourceTitle "EXT 2001"]
[Source "ChessBase"]
[SourceDate "2000.11.22"]

1. c4 Nf6 2. Nc3 c5 3. g3 e6 4. Nf3 b6 5. Bg2 Bb7 6. O-O d6 7. b3 a6 8. d4 cxd4
9. Qxd4 Nbd7 10. Bb2 Be7 11. Rad1 O-O 12. Ng5 Bxg2 13. Kxg2 Qc7 14. Rd2 b5 15.
cxb5 axb5 16. f3 Qb7 17. e4 h6 18. Nh3 b4 19. Na4 e5 20. Qe3 Rfe8 21. Rfd1 Ra5
22. Nf2 Bf8 23. Rc2 d5 24. Rdc1 d4 25. Qe1 Rxa4 26. bxa4 Nb6 27. Rc7 Qb8 28.
Qd1 Qa8 29. Qb3 Nxa4 30. Qxf7+ Kh8 31. Ra7 Nxb2 32. Rxa8 Rxa8 33. Rc2 Na4 34.
Nd3 1-0

[Event "Kandidatklassen"]
[Site "Aalborg"]
[Date "2000.??.??"]
[Round "?"]
[White "Larsen, Peter"]
[Black "Nielsen, Simon Saito"]
[Result "1-0"]
[WhiteElo "2294"]
[BlackElo "2006"]
[PlyCount "59"]
[EventDate "2000.??.??"]
[EventType "swiss"]
[EventRounds "7"]
[EventCountry "DEN"]
[SourceTitle "EXT 2001"]
[Source "ChessBase"]
[SourceDate "2000.11.22"]

1. c4 Nf6 2. Nc3 g6 3. e4 d6 4. d4 Bg7 5. Nge2 O-O 6. Ng3 e5 7. d5 Nbd7 8. Be2
Ne8 9. h4 f5 10. Bg5 Ndf6 11. exf5 gxf5 12. Qd2 Qd7 13. Bd3 e4 14. Be2 Kh8 15.
f3 exf3 16. Bxf3 Ng4 17. Bxg4 fxg4 18. O-O-O Be5 19. Rhf1 Rg8 20. Nh5 g3 21.
Rde1 Qg4 22. Rxe5 dxe5 23. Nf6 Qxc4 24. Re1 Rxg5 25. Qxg5 Ng7 26. h5 Bh3 27. h6
Nf5 28. Nfe4 Rf8 29. gxh3 Qd3 30. Nc5 1-0